000 00293nam a22001337a 4500
008 171113b xxu||||| |||| 00| 0 eng d
020 _a9780538441759
041 _aeng
080 _25 ED
_a336
100 _a56
101 _aFIN
245 _aPERSONAL FINANCE
_cJOAN.S.R
942 _2udc
_cBK
999 _c38271
_d38271